Welcome to CU Library Online Public Access Catalogue (OPAC)

Alternative dispute resolution in business / (Record no. 1100)

MARC details
000 -LEADER
fixed length control field 00698pam a2200205 a 4500
001 - CONTROL NUMBER
control field 3560333
005 - DATE AND TIME OF LATEST TRANSACTION
control field 20241112204749.0
008 - FIXED-LENGTH DATA ELEMENTS--GENERAL INFORMATION
fixed length control field 980501s1999 ohuk b 001 0 eng
020 ## - INTERNATIONAL STANDARD BOOK NUMBER
International Standard Book Number 0324000715
050 00 - LIBRARY OF CONGRESS CALL NUMBER
Classification number KF9084
Item number .P66 1999
082 00 - DEWEY DECIMAL CLASSIFICATION NUMBER
Classification number 347.73/9
Edition information 21
100 1# - MAIN ENTRY--PERSONAL NAME
Personal name Ponte, Lucille M.,
Dates associated with a name 1958-
245 10 - TITLE STATEMENT
Title Alternative dispute resolution in business /
Statement of responsibility, etc. Lucille M. Ponte, Thomas D. Cavenagh.
260 ## - PUBLICATION, DISTRIBUTION, ETC.
Place of publication, distribution, etc. Cincinnati, Ohio :
Name of publisher, distributor, etc. West Educational Pub.,
Date of publication, distribution, etc. c1999.
300 ## - PHYSICAL DESCRIPTION
Extent xiv, 433 p. :
Other physical details illustrations, forms ;
Dimensions 24 cm.
650 #0 - SUBJECT ADDED ENTRY--TOPICAL TERM
Topical term or geographic name entry element Dispute resolution (Law)
Geographic subdivision United States.
650 #0 - SUBJECT ADDED ENTRY--TOPICAL TERM
Topical term or geographic name entry element Arbitration and award
Geographic subdivision United States.
700 1# - ADDED ENTRY--PERSONAL NAME
Personal name Cavenagh, Thomas D.,
Dates associated with a name 1962-
942 ## - ADDED ENTRY ELEMENTS (KOHA)
Source of classification or shelving scheme Library of Congress Classification
Koha item type Books
Suppress in OPAC No
999 ## -
-- 1100
-- 1100
Holdings
Withdrawn status Lost status Source of classification or shelving scheme Damaged status Not for loan Collection Home library Current library Shelving location Date acquired Total checkouts Full call number Barcode Date last seen Copy number Price effective from Koha item type Uniform resource identifier
    Library of Congress Classification     Non-fiction Law Library (Christ Temple) Law Library (Christ Temple) General stacks 01/22/2025   KF9084 PON LLCT00000256 01/22/2025 2 01/22/2025 Books KF8084.P66 PON
    Library of Congress Classification     Non-fiction Law Library (Christ Temple) Law Library (Christ Temple) General stacks 01/22/2025   KF9084 PON LLCT00000257 01/22/2025 3 01/22/2025 Books KF8084.P66 PON
    Library of Congress Classification     Non-fiction Law Library (Miotso) Law Library (Miotso) General stacks 11/12/2024   KF9084 PON llm00000900 11/12/2024 1 11/12/2024 Books  
© 2023-2024 Copyright: Central University Libraries. All Rights Reserved | Created by: Mahone Tech Office